000 00632nam a2200229Ia 4500
003 OSt
005 20221007070224.0
006 a|||||r|||| 00| 0
007 ta
008 221006b |||||||| |||| 00| 0 eng d
024 _a17,443
037 _cTextual
040 _aFLL
_cFLL
_beng
041 _2eng
_aeng
082 _aY, M5
100 _aMcGranahan Donald
_9268132
245 0 _aMeasurement and analysis of socioeconomic development
260 _aGeneva
_bUnited Nations Research Institute Geneva
_c1985
300 _a504p
_ccm.
942 _hY, M5
_cTEXL
_2CC
999 _c1139852
_d1139852